000 00804nam a2200253 i 4500
001 bg
100 1 _aWASILCZUK, Michał
245 1 0 _aStudium problemów badawczych, konstrukcyjnych oraz metod projektowania hydrodynamicznych łożysk wzdłużnych /
_cMichał Wasilczuk.
260 _aGdańsk :
_bWydaw. PG,
_c2004.
300 _a155, [1] s. :
_bfot., rys., wykr. ;
_c24 cm.
490 1 _aMonografie / Politechnika Gdańska ;
_v44
500 _aStreszcz. ang.
504 _aBibliogr. s. 144-153.
650 9 _aŁożyska
_xbadanie
830 0 _aMonografie (Politechnika Gdańska) ;
_v44
015 _aPB 3702/2005
020 _a8373480781
040 _cBPK
041 0 _apol
_beng
080 _a621.822
920 _a83-7348-078-1
942 _cKS
008 s pl f |000 0 pol
999 _c45893
_d45893
856 _uhttp://koha.tu.koszalin.pl/cgi-bin/koha/opac-detail.pl?biblionumber=45893
_yKatalog online BPK